Solid and liquid waste management : (Record no. 103305)

MARC details
000 -LEADER
fixed length control field 00747nam a22002297a 4500
005 - DATE AND TIME OF LATEST TRANSACTION
control field 20160912155621.0
010 ## - LCCN (DPL NO)
LC control number ENG-115999
020 ## - INTERNATIONAL STANDARD BOOK NUMBER
International Standard Book Number 9788120352452
Terms of availability 375.00
035 ## - SYSTEM CONTROL NUMBER
System control number EN-99531
037 ## - SOURCE OF ACQUISITION
Source of stock number/acquisition DBAD/PUB
082 ## - DEWEY DECIMAL CLASSIFICATION NUMBER
Classification number 363.728
245 ## - TITLE STATEMENT
Title Solid and liquid waste management :
Remainder of title waste to wealth /
Statement of responsibility, etc by Vasudeven Rajaram...[et...al]
260 ## - PUBLICATION, DISTRIBUTION, ETC. (IMPRINT)
Place of publication, distribution, etc Delhi
Name of publisher, distributor, etc PHI Learning
Date of publication, distribution, etc 2016
270 ## - ADDRESS
Address 111,Patparganj Industrial Eatate
City Delhi
Postal code 110092
300 ## - PHYSICAL DESCRIPTION
Extent 282p. :
Other physical details ill
Dimensions 23cm(pbk)
Accompanying material CD-ROMs
500 ## - GENERAL NOTE
General note Includes bibliographical references and index
700 ## - ADDED ENTRY--PERSONAL NAME
Personal name Vasudevan Rajaram
700 ## - ADDED ENTRY--PERSONAL NAME
Personal name Siddiqui,Faisal Zia
700 ## - ADDED ENTRY--PERSONAL NAME
Personal name Agrawal,Sanjeev
700 ## - ADDED ENTRY--PERSONAL NAME
Personal name Mohammad Imean Khan
942 ## - ADDED ENTRY ELEMENTS (KOHA)
Source of classification or shelving scheme Dewey Decimal Classification
Item type English Books
Classification part 363.728
Call number suffix VAS
Holdings
Withdrawn status Lost status Not for loan Collection code Home library Current library Date acquired Source of acquisition Cost, normal purchase price Full call number Barcode Copy number Cost, replacement price Koha item type
      Non-fiction R.K.Puram-8 R.K.Puram-8 12/09/2016 DBAD/PUB 375.00 363.728 VAS EN-99531 1 375.00 English Books

© Delhi Public Library
Hit Counter
free hit counter